00619nam a2200181 a 450000100060000000300090000600800410001502000150005604000280007108200180009910000340011724500850015126000430023630000110027949000390029065000350032965000730036415854CO-ViMGA141112s2004 ck r 000 u spa d a958805253X aCO-ViMGAbspacCO-ViMGA a809.033 M673f1 aMoreno Duran, Rafael Humberto10aEl festín de los conjurados : bLiteratura y transgresión en el fin de siglo aBogotá, cMinisterio De Cultura 1998 a222.p. aPremios Nacionales de Cultura 199814aENSAYOS COLOMBIANOS - SIGLO XX14aLITERATURA - HISTORIA Y CRITICA - SIGLO XIX - ENSAYOS - CONFERENCIAS